Simon & schuster handbook for writers / (Record no. 346759)
[ view plain ]
| 000 -LEADER | |
|---|---|
| fixed length control field | 00905 a2200181 4500 |
| 020 ## - INTERNATIONAL STANDARD BOOK NUMBER | |
| International Standard Book Number | 0130955124 (hardcover) |
| 020 ## - INTERNATIONAL STANDARD BOOK NUMBER | |
| International Standard Book Number | 9780130955128 (hardcover) |
| 082 04 - DEWEY DECIMAL CLASSIFICATION NUMBER | |
| Classification number | 808.042 |
| 090 ## - LOCALLY ASSIGNED LC-TYPE CALL NUMBER (OCLC); LOCAL CALL NUMBER (RLIN) | |
| -- | 4312 |
| -- | 4312 |
| 100 1# - MAIN ENTRY--PERSONAL NAME | |
| Personal name | Troyka, Lynn Quitman. |
| 245 10 - TITLE STATEMENT | |
| Title | Simon & schuster handbook for writers / |
| Statement of responsibility, etc. | Lynn Quitman Troyka. |
| 250 ## - EDITION STATEMENT | |
| Edition statement | 5th ed. |
| 260 ## - PUBLICATION, DISTRIBUTION, ETC. | |
| Place of publication, distribution, etc. | [S.l.] : |
| Name of publisher, distributor, etc. | Prentice Hall, |
| Date of publication, distribution, etc. | 1999. |
| 300 ## - PHYSICAL DESCRIPTION | |
| Extent | 846 p. ; |
| Dimensions | 22 cm. |
| 520 ## - SUMMARY, ETC. | |
| Summary, etc. | Best selling hardback reference handbook. Revision highlights Lynn Troyka's accessible style and clear explanations. Complete on-line coverage included. New design is color coded with an open layout for quicker, easier access to information. Comes with a dual-platform CD-ROM that includes Merriam Webster's Collegiate Dictionary and Thesaurus. _. |
| 856 40 - ELECTRONIC LOCATION AND ACCESS | |
| Materials specified | Amazon.com |
| Uniform Resource Identifier | <a href="http://www.amazon.com/exec/obidos/ASIN/0130955124/chopaconline-20">http://www.amazon.com/exec/obidos/ASIN/0130955124/chopaconline-20</a> |
| 942 ## - ADDED ENTRY ELEMENTS (KOHA) | |
| Institution code [OBSOLETE] | NBS |
| Koha item type | Book |
| Call number prefix | 808.042 TOR |
| Withdrawn status | Lost status | Damaged status | Not for loan | Permanent Location | Current Location | Date acquired | Total Checkouts | Full call number | Barcode | Date last seen | Price effective from | Koha item type |
|---|---|---|---|---|---|---|---|---|---|---|---|---|
| Central Library (CL) | Central Library (CL) | 08/28/2013 | 808.042 TOR | NBS4024 | 03/25/2024 | 08/28/2013 | Book |
